| 000 | 00613nam a2200205Ia 4500 | ||
|---|---|---|---|
| 005 | 20250326142117.0 | ||
| 008 | 250326s9999 xx 000 0 und d | ||
| 020 | _a0-02-421780-8 | ||
| 037 | _aTextbook | ||
| 040 |
_aFMSL _beng _cFMSL |
||
| 041 |
_aeng _2eng |
||
| 084 |
_aX:51:f MO;M4;13 _qFMSL |
||
| 100 | _aTull Donald S | ||
| 245 | 0 |
_aMarketing research : Measurement and method text and cases _cTull Donald S; Hawkyns Del L |
|
| 250 | _a3rd | ||
| 260 |
_aNew York _bNew York, Macmillan Pub. co. _c1984 |
||
| 300 | _a794p | ||
| 942 |
_cTB _hX:51:f MO;M4;13 |
||
| 999 |
_c1293482 _d1293482 |
||